A Governança da China IV (Record no. 2188)
[ view plain ]
| 000 -Etiqueta do registo | |
|---|---|
| Campo de controlo de comprimento fixo | 00338 a2200145 4500 |
| 020 ## - ISBN (NÚMERO DE LIVRO PADRÃO INTERNACIONAL) | |
| ISBN | 978-7-119-13562-5 |
| 040 ## - Fonte de Catalogação | |
| Agência de catalogação | Biblioteca Geral- Universidade Lusíada de Angola |
| 082 ## - DEWEY DECIMAL CLASSIFICATION NUMBER | |
| Classificador- CDU | 32 |
| 100 ## - Nome Pessoal | |
| 9 (RLIN) | 1011 |
| Autor | XI,Jinping |
| 245 ## - Declaração de Título | |
| Título | A Governança da China IV |
| 260 ## - Publicação e Destribuíção | |
| Local de edição/distribuição | China , |
| Editor/distribuidor | Ediȯes em Linguas Estrangeiras |
| Data de edição/distribuição | 2023. |
| 300 ## - Descrição Física | |
| Nº Pág. | 721p |
| 650 ## - MATERIA | |
| MATERIA | Politica |
| 942 ## - - Elementos de entrada adicionados (koha) | |
| Tipo de documento | Livros |
| Withdrawn status | Lost status | Source of classification or shelving scheme | Damaged status | Not for loan | Permanent Location | Current Location | Date acquired | Inventory number | Total Checkouts | Full call number | Barcode | Date last seen | Price effective from | Koha item type |
|---|---|---|---|---|---|---|---|---|---|---|---|---|---|---|
| Dewey Decimal Classification | Biblioteca Geral- Universidade Lusíada de Angola | Biblioteca Geral- Universidade Lusíada de Angola | 02/04/2026 | 9 (5) | 32 | 2026-0105 | 02/04/2026 | 02/04/2026 | Livros | |||||
| Dewey Decimal Classification | Biblioteca Geral- Universidade Lusíada de Angola | Biblioteca Geral- Universidade Lusíada de Angola | 02/04/2026 | 9 (5) | 32 | 2026-0106 | 02/04/2026 | 02/04/2026 | Livros | |||||
| Dewey Decimal Classification | Biblioteca Geral- Universidade Lusíada de Angola | Biblioteca Geral- Universidade Lusíada de Angola | 02/04/2026 | 9 (5) | 32 | 2026-0107 | 02/04/2026 | 02/04/2026 | Livros | |||||
| Dewey Decimal Classification | Biblioteca Geral- Universidade Lusíada de Angola | Biblioteca Geral- Universidade Lusíada de Angola | 02/04/2026 | 9 (5) | 32 | 2026-0108 | 02/04/2026 | 02/04/2026 | Livros | |||||
| Dewey Decimal Classification | Biblioteca Geral- Universidade Lusíada de Angola | Biblioteca Geral- Universidade Lusíada de Angola | 02/04/2026 | 9 (5) | 32 | 2026-0109 | 02/04/2026 | 02/04/2026 | Livros |
